|
|
|
|
| LEADER |
00000nam a2200000 a 4500 |
| 001 |
vtls001502419 |
| 003 |
SK-MaSNL |
| 005 |
20260302073824.0 |
| 008 |
240314 000 0 eng |
| 040 |
|
|
|a SNK
|b slo
|c SNK
|e AACR2
|
| 100 |
1 |
|
|a Prileszky, Joanne Baptista
|4 aut
|9 396639
|
| 245 |
1 |
0 |
|a Sancti Justini Philosophi et martyris Acta et Scripta suo ordine digesta et Annotationibus Historico - Theologicis Illustrata
|
| 260 |
|
|
|a Cassovia
|b Typis Academicis Societatis Jesu
|c 1765
|
| 300 |
|
|
|a [ 10 ], 458, [ 1 ] s.
|
| 999 |
|
|
|c 1162567
|d 1164497
|
| 952 |
|
|
|a SNK
|b SNK
|y PREZ
|7 0
|p 17X01502419002
|o snkSD 13928 D1
|i snkKSK 1990/57
|8 3
|3 rekatalogizácia
|0 0
|1 0
|4 0
|d 2011-02-04
|l 0
|r 2026-02-24 20:38:20
|w 2026-02-24
|
| 952 |
|
|
|a SNK
|b SNK
|y PREZ
|7 0
|p 17X01502419001
|o snkSD 13928
|i snk8552/57
|3 rekatalogizácia
|0 0
|1 0
|4 0
|d 2005-02-24
|l 0
|r 2026-02-24 20:38:20
|w 2026-02-24
|